000 00288nam a2200097Ia 4500
008 200302s9999 xx 000 0 und d
100 _aDavid Fernandez Garcia
245 _aConstruction Encyclopedia Special Assemblies Vol 4
260 _bNew Daly Construction Encyclopedias
300 _a120 P.,
999 _c1225
_d1225